LEADER 01296cam--2200409---450- 001 990003298530203316 005 20131203095805.0 010 $a978-88-430-4858-8 035 $a000329853 035 $aUSA01000329853 035 $a(ALEPH)000329853USA01 035 $a000329853 100 $a20090730d2008----km-y0itay50------ba 101 0 $aita 102 $aIT 105 $ay|||||||001yy 200 1 $a<> storia in TV$eimmagine e memoria collettiva$fAnna Bisogno$gprefazione di Roberto Zaccaria 210 $aRoma$cCarocci$d2008 215 $a110 p.$d22 cm 225 2 $aBiblioteca di testi e studi$v473 410 0$12001$aBiblioteca di testi e studi$v473 606 0 $aStoria$xTrasmissioni televisive$z1990-2009$2BNCF 676 $a791.45658 700 1$aBISOGNO,$bAnna$0320997 702 1$aZACCARIA,$bRoberto 801 0$aIT$bsalbc$gISBD 912 $a990003298530203316 951 $aIV.1. 1247$b217175 L.M.$cIV.1.$d00227506 951 $aIV.1. 1247a$bDSSS$cIV.1.$d00350152 951 $aIV.1. 1247b$bDSSS$cIV.1.$d00350153 959 $aBK 969 $aUMA 979 $aALESSANDRA$b90$c20090730$lUSA01$h0940 979 $aALESSANDRA$b90$c20090730$lUSA01$h0942 979 $aANNAMARIA$b90$c20131203$lUSA01$h0958 996 $aStoria in tv$9777959 997 $aUNISA LEADER 01007nam a2200241 i 4500 001 991001125739707536 008 050630s2004 it 000 0 ita d 020 $a8814115362 035 $ab13324305-39ule_inst 040 $aDip.to Studi Giuridici$bita 082 0 $a346.45 100 1 $aRabitti, Maddalena$0279534 245 10$aRischio organizzativo e responsabilita degli amministratori :$bcontributo allo studio dell'illecito civile /$cMaddalena Rabitti 260 $aMilano :$bGiuffre,$c2004 300 $avii, 257 p. ;$c24 cm 440 0$aPubblicazioni del Dipartimento di diritto privato e comunitario ;$v26 650 4$aResponsabilità$zItalia 907 $a.b13324305$b02-04-14$c30-06-05 912 $a991001125739707536 945 $aLE027 346.45 RAB01.01$g1$i2027000105748$lle027$o-$pE20.00$q-$rl$s- $t0$u4$v0$w4$x0$y.i14100046$z30-06-05 996 $aRischio organizzativo e responsabilità degli amministratori$9754247 997 $aUNISALENTO 998 $ale027$b30-06-05$cm$da $e-$fita$git $h0$i0